Modern patienst counselling

Bibliographic Details
Main Author: Gaud, R.S
Format: Book
Published: New Delhi : Nirali Prakashan , 2008
Subjects:

MARC

LEADER 00000cam a2200000 7i4500
001 0000039134
005 20131231.0
008 131203
020 |a 819063965X 
090 0 0 |a 616.8914   |b GAU 
100 1 |a Gaud, R.S 
245 1 0 |a Modern patienst counselling   |c Dr. R.S. Gaud 
260 |a New Delhi :   |b Nirali Prakashan ,   |c 2008 
650 0 |a C C computer program language   |x Patient 
650 0 |a Psychotheraphy   |x Methodology 
650 0 |a Psychotherapist   |x Psychology 
999 |a 0001257351   |b Book   |c Adult Collection   |e Perbadanan Perpustakaan Awam Johor